| 000 | 00915nam a2200301Ia 4500 | ||
|---|---|---|---|
| 001 | 67037 | ||
| 003 | IT-RoPAU | ||
| 008 | 130308s9999 xx 000 0 und d | ||
| 040 | _aIT-RoPAU | ||
| 040 | _cIT-RoPAU | ||
| 041 | _aITALIANO | ||
| 100 | _aVerdone Mario | ||
| 100 | _gCodice Aut. SPICS: 86 | ||
| 245 | _aAnton Giulio Bragaglia | ||
| 245 | _bAnton Giulio Bragaglia | ||
| 250 | _a1a ed. | ||
| 260 | _aROMA | ||
| 260 | _bBianco E Nero | ||
| 260 | _c1965 [1° Ed.:1965 - Ed.Ling.Originale:1965] | ||
| 300 | _a"174 p. (prefazione: 8; testo: 166 [pagine: 0-0])" | ||
| 500 | _aMonografia su Bragaglia Filmografia di Bragaglia Bragaglia e Cinema futurista Perfido Incanto e Vele Ammainate scritti di Bragaglia Sul Cinema Testimonianze su Bragaglia | ||
| 650 | _aAUTORI/OPERE DEL CINEMA | ||
| 650 | _eCodice materia Spics: 6807 | ||
| 942 | _cBK | ||
| 957 | _71 | ||
| 999 |
_c71276 _d71276 |
||
| 999 | _bSI | ||
| 999 | _g1 | ||